[Event "Romanian Team Rapid Open 2022"]
[Site "Sebes"]
[Date "2022.12.03"]
[Round "1.20"]
[White "Negrean, Andrei"]
[Black "Tarciuc, Ianis-Mihai"]
[Result "1-0"]
[WhiteElo "1991"]
[BlackElo "1642"]
[Annotator "TA"]
[PlyCount "65"]
[EventDate "2022.12.03"]
[EventType "rapid"]
[EventCountry "ROU"]
[SourceTitle "playchess.com"]
[Source "ChessBase"]
[SourceQuality "1"]

{[%evp 15,65,18,32,12,23,18,33,20,33,9,0,1,4,11,58,54,79,58,47,22,51,47,47,50,87,60,61,56,85,66,67,31,26,29,31,34,40,6,23,0,0,0,42,38,55,50,46,44,28,0,29998,29999]} 1. d4 Nf6 2. Nf3 g6 3. g3 Bg7 4. Bg2 O-O 5. O-O d5 6. c4 c6 7. b3 Bf5 8. Bb2 Nbd7 9. Nbd2 {9.e3 might become the main line. D78: Fianchetto Grünfeld: 6 0-0 c6.} Re8 10. Nh4 Be6 11. Qc2 {White is slightly better.} Rc8 12. e4 dxe4 13. Nxe4 Nxe4 {[#]} 14. Qxe4 $146 ({Predecessor:} 14. Bxe4 Bh3 15. Rfd1 Nf6 16. Bg2 Qd7 17. Nf3 Bxg2 18. Kxg2 Qg4 19. h3 Qe4 20. Qd2 {0-1 (56) Asabri,H (2203)-Abdulwahhab,A (2181) Tunis 2009}) 14... Nb6 (14... b5 $11 {feels stronger.}) 15. Rad1 $14 Qc7 16. Ba1 Rcd8 17. Nf3 Bf5 18. Qe3 Nd7 19. Rfe1 a5 20. h3 {Strongly threatening g4.} Nf6 21. Ne5 a4 22. bxa4 Nd7 23. Qb3 {[%cal Oe5f7] White is more active.} Nxe5 24. dxe5 Rxd1 25. Rxd1 Be6 26. f4 g5 27. Bc3 gxf4 28. gxf4 f6 29. Re1 {[%cal Bd1e1,Be1e5,Be5g5][%mdl 32]} fxe5 30. Bxe5 Bxe5 31. Rxe5 Qd7 32. Rg5+ Kh8 $2 {[%mdl 8192] [#]} (32... Kf7 $11) 33. Qc3+ {Weighted Error Value: White=0.17 (very precise) /Black=0.33} 1-0

[Event "Romanian Team Rapid Open 2022"]
[Site "Sebes"]
[Date "2022.12.03"]
[Round "1.21"]
[White "Szabo, Gergely-Andras-Gyula"]
[Black "Butuza, Stefan Aurelian"]
[Result "1-0"]
[WhiteElo "2514"]
[BlackElo "1529"]
[Annotator "TA"]
[PlyCount "43"]
[EventDate "2022.12.03"]
[EventType "rapid"]
[EventCountry "ROU"]
[SourceTitle "playchess.com"]
[Source "ChessBase"]
[SourceQuality "1"]

{[%evp 23,43,58,55,60,104,97,146,146,285,199,198,206,320,311,318,325,316,316,508,507,769,747]} 1. d4 d5 2. Nf3 e6 3. c4 c5 4. cxd5 exd5 5. g3 Nc6 6. Bg2 Nf6 7. Nc3 h6 8. O-O Be7 {[%cal Bf8e7,Be7c5,Bc5b6,Bb6c7][%mdl 32]} 9. dxc5 Bxc5 10. a3 O-O 11. b4 Bb6 {The main line 11...Bb6 scores better than 11...Be7.} 12. Bb2 Be6 13. Na4 {D30: Queen's Gambit Declined: Systems without Nc3.} (13. Qd3 {seems wilder.} Re8 14. Na4 Ne4 15. Rac1) 13... Bc7 14. Nc5 Rb8 {[#]} (14... Qe7 $142) 15. Rc1 $1 $16 {[%cal Ba1c1,Bc1c6,Bc6c4][%mdl 32] [#] White has more active pieces. The black rooks are badly placed. White is clearly better.} Nd7 $146 {[#]} (15... Bb6 $16 16. Nxb7 Rxb7) ({Predecessor:} 15... Qd6 16. b5 Ne7 17. Be5 Qd8 18. Nxe6 fxe6 19. Bxc7 Qd7 20. Bxb8 Rxb8 21. Qd4 {1-0 (21) Parushev,A (2308)-Analiev,D (1642) ICCF email 2020}) 16. Nxb7 $1 {[%mdl 512]} Rxb7 17. Rxc6 Nb6 (17... Nf6 {was called for.} 18. Qc2 Bb6) 18. Qd4 $18 {[%csl Gb2][%cal Rd4g7]} Qf6 19. Qxf6 gxf6 20. Bxf6 Nc4 $2 (20... Bd7 {is a better defense.}) 21. Nd4 {[%cal Oc6c4] Strongly threatening Rxc4!} Re8 {[#]} (21... Nb6 $142 22. Rfc1 Bd8 23. Nxe6 fxe6 24. Bxd8 Rxd8 25. Rxe6 h5) 22. Rxc4 $1 {White took control after the opening.   Weighted Error Value: White=0.13 (very precise) /Black=0.85} 1-0

[Event "Romanian Team Rapid Open 2022"]
[Site "Sebes"]
[Date "2022.12.03"]
[Round "1.22"]
[White "Tatar, Marius Lucian"]
[Black "Nevednichy, Vladislav"]
[Result "0-1"]
[WhiteElo "1405"]
[BlackElo "2499"]
[Annotator "TA"]
[PlyCount "108"]
[EventDate "2022.12.03"]
[EventType "rapid"]
[EventCountry "ROU"]
[SourceTitle "playchess.com"]
[Source "ChessBase"]
[SourceQuality "1"]

{[%evp 11,107,6,5,-21,-9,4,-8,-22,12,-27,-7,-27,-14,-66,0,-81,-68,-75,0,-14,6,7,57,-18,-32,-16,83,91,89,61,66,57,84,79,79,80,87,85,87,84,95,72,71,56,65,0,0,0,32,33,60,60,59,-27,-27,-424,-432,-29987,-29988,-29989,-29990,-29992,-29983,-29983,-29984,-29984,-29985,-29985,-29986,-29986,-29987,-29987,-29985,-29986,-29979,-29988,-29989,-29989,-29989,-29995,-29990,-29990,-29991,-29993,-29993,-29993,-29994,-29994,-29995,-29995,-29996,-29996,-29997,-29997,-29997,-29998,-29999,-29999]} 1. e4 c5 2. Nf3 Nc6 3. Bb5 e6 4. O-O Nge7 5. Re1 a6 6. Bf1 d5 7. e5 {B30: Sicilian: 2...Nc6 3 Bb5, lines without ...g6.} Ng6 8. c3 d4 9. cxd4 {The position is equal.} cxd4 {[#]} 10. b3 $146 ({Predecessor:} 10. Bd3 Qc7 11. Bxg6 hxg6 12. d3 b5 13. a4 Bb7 14. axb5 axb5 15. Rxa8+ Bxa8 16. Bf4 {1-0 (45) Postny,E (2605)-Tsydypov,Z (2552) Chess.com INT 2021}) 10... Bc5 11. Bb2 O-O 12. Qc2 {Inhibits f6.} (12. Bd3 $11) 12... Ba7 (12... b6 $15) 13. Na3 (13. Ba3 $1 $11) 13... f6 $17 {[%cal Rf6e5]} 14. Nc4 Ncxe5 (14... b5 $17 15. Ba3 bxc4 16. Bxf8 Qxf8 17. exf6 gxf6 18. Bxc4 Nge5 19. Nxe5 Nxe5 20. Rxe5 fxe5) 15. Ncxe5 Nxe5 (15... fxe5 {simplifies} 16. Bd3 Rxf3 17. gxf3 Bd7) 16. Nxe5 fxe5 17. Rxe5 ({Better is} 17. Bd3 $1 $14) 17... Qf6 $11 18. Re2 d3 (18... Bd7 $11) 19. Bxf6 $16 {[%cal Bb2f6,Bf6h4,Bh4g3][%mdl 32]} dxc2 20. Bh4 Bd7 {[#] And now ...Bb5 would win.} 21. d3 Rac8 22. Rc1 {[%cal Ba1c1,Bc1c2,Bc2e2][%mdl 32]} Rf5 23. Rexc2 Rxc2 24. Rxc2 g5 25. Bg3 Bc6 26. Be2 Kf7 27. Bg4 Rd5 28. Re2 (28. Rc3 $14) 28... Rxd3 $11 29. Bxe6+ ({Much weaker is} 29. Rxe6 Rd4 30. Rxc6 bxc6 $17) 29... Kf6 {( -> ...Rd1+)} 30. Re1 {Prevents Rd1.} h5 31. Bc4 {Prevents h4.} Rd2 32. Be5+ ({White should try} 32. h4 $14) 32... Kf5 33. Be6+ $2 {[%mdl 8192] Loses the game.} Kg6 $1 $19 {[%mdl 64] [#]} 34. Kh1 (34. Rf1 $19 Re2 35. Bc4 Rxe5 36. Rd1) 34... Rxf2 {Black mates.} 35. Bh3 g4 36. Bg3 gxh3 37. Bxf2 Bxf2 {[%csl Gh3][%cal Rc6g2]} 38. Re6+ Kf5 {[%csl Gh3][%cal Rc6g2]} 39. Rxc6 bxc6 40. gxh3 {KB-KP} Ke4 41. Kg2 Bh4 42. Kf1 Kf3 43. Kg1 a5 44. Kf1 Bf2 45. a4 c5 46. h4 Bxh4 {KB-K3P} 47. h3 Bf2 48. h4 Bxh4 {KB-KPP} 49. Kg1 Bg3 50. Kh1 Kf2 51. b4 axb4 {[%cal Ba5b4,Bb4b3,Bb3b2,Bb2b1][%mdl 32]} 52. a5 b3 53. a6 b2 {[%cal Rb2b1]} 54. a7 b1=R# {Weighted Error Value: White=0.41/Black=0.15 (very precise)} 0-1

[Event "Romanian Team Rapid Open 2022"]
[Site "Sebes"]
[Date "2022.12.03"]
[Round "1.24"]
[White "Olariu-Chilut, Sofia"]
[Black "Zubcu, Vlad-George"]
[Result "0-1"]
[WhiteElo "1065"]
[BlackElo "2135"]
[Annotator "TA"]
[PlyCount "62"]
[EventDate "2022.12.03"]
[EventType "rapid"]
[EventCountry "ROU"]
[SourceTitle "playchess.com"]
[Source "ChessBase"]
[SourceQuality "1"]

{[%evp 9,61,12,7,0,58,-2,17,6,28,-66,-54,-62,-45,-120,-134,-120,-126,-169,-109,-246,-241,-468,-462,-483,-488,-482,-374,-381,-381,-372,-373,-377,-355,-1133,-1133,-1093,-1087,-1406,-1400,-1897,-1572,-2276,-2223,-29987,-29988,-29986,-29987,-29993,-29994,-29996,-29997,-29998,-29999,-29999]} 1. e4 c5 2. d4 cxd4 3. c3 Nc6 4. cxd4 d5 5. Nc3 e6 6. Nf3 {D10: Slav Defence: 3 cxd5 (without early Nf3) and 3 Nc3.} Bb4 (6... dxe4 $11 7. Nxe4 Be7) 7. Bd2 {[#]} (7. e5 $14) 7... Bxc3 $146 ({Predecessor:} 7... Nge7 8. exd5 exd5 9. a3 Ba5 10. b4 Bb6 11. Bg5 Bg4 12. Be2 O-O 13. O-O Qd7 {½-½ (39) Westphal,G-Weide,S freechess.de 2017}) 8. Bxc3 {The position is equal.} dxe4 9. Ne5 ({White should try} 9. d5 $1 $11 exf3 10. Qxf3 (10. dxc6 Qxd1+ 11. Rxd1 Ne7 $14)) 9... Nf6 $15 ({Reject} 9... Nge7 10. Nxc6 bxc6 11. Qg4 $11) 10. Bb5 Bd7 11. Nxd7 (11. O-O $15) 11... Qxd7 $17 12. O-O {[%cal Od4d5]} O-O 13. Bb4 {[#]} Rfd8 (13... Rfc8 $1 $19 14. Re1 a6 15. Bxc6 Rxc6) 14. Rc1 {This move loses the game for White.} (14. Bxc6 $17 bxc6 15. Bc5) 14... Qxd4 $19 15. Qxd4 (15. Bc3 Qb6 16. Qe2) 15... Nxd4 16. Bc4 b5 17. Ba5 bxc4 18. Bxd8 Ne2+ {Pair of Knights!} (18... Rxd8 $2 19. Rxc4 Ne2+ 20. Kh1 $19) 19. Kh1 Nxc1 (19... Rxd8 $2 {too greedy.} 20. Rc2 Nf4 21. Rxc4 $19) 20. Bxf6 Nxa2 21. Re1 $2 (21. Bd4) 21... gxf6 22. Rxe4 {[%mdl 4096] Endgame KRN-KR} Rc8 23. h3 Nc1 24. Rg4+ Kf8 25. Rg3 Nd3 {Hoping for ...Rb8.} 26. b3 {[#]} c3 $1 {Black mates.} 27. Rxd3 (27. Kh2 c2) 27... c2 28. Rd7 c1=Q+ 29. Kh2 Qf4+ 30. Kg1 Rc1+ 31. Rd1 Rxd1# {Weighted Error Value: White=1.43/Black=0.17 (very precise)} 0-1

[Event "Romanian Team Rapid Open 2022"]
[Site "Sebes"]
[Date "2022.12.03"]
[Round "1.25"]
[White "Burja-Udrea, Razvan-Andrei"]
[Black "Soltanici, Ruslan"]
[Result "0-1"]
[WhiteElo "1365"]
[BlackElo "2357"]
[Annotator "TA"]
[PlyCount "46"]
[EventDate "2022.12.03"]
[EventType "rapid"]
[EventCountry "ROU"]
[SourceTitle "playchess.com"]
[Source "ChessBase"]
[SourceQuality "1"]

{[%evp 15,46,40,34,14,36,40,43,-35,-38,-35,-28,-31,-44,-37,-31,-35,-25,-49,-32,-172,-191,-243,-270,-455,-420,-431,-431,-429,-314,-314,-301,-285,-294]} 1. e4 c5 2. Nf3 d6 3. d4 cxd4 4. Nxd4 Nf6 5. Nc3 a6 6. Be3 e6 7. Be2 Qc7 8. Qd2 {is now more promising than 8.0-0.} b5 9. a3 {B84: Sicilian Scheveningen: 6 Be2 a6, lines without early Be3.} Nbd7 10. f3 Bb7 11. Rc1 (11. O-O-O $14) 11... Be7 $15 12. O-O O-O 13. Rfd1 Rfd8 14. Qe1 Rac8 15. Qg3 Ne5 16. Qf2 {[#]} Re8 $146 ({Predecessor:} 16... d5 17. exd5 Nxd5 18. Nxd5 Rxd5 19. c3 Nc4 20. Bxc4 Qxc4 21. Qf1 Rcd8 22. Re1 e5 23. Qxc4 bxc4 {0-1 (31) Hidalgo Begines,P (2102)-Palac,M (2566) Dos Hermanas 2004}) 17. Nb1 ({White should play} 17. Nb3 $15) 17... d5 $19 18. Nd2 (18. h3 $142) 18... dxe4 19. fxe4 $2 {[#]} (19. c4 exf3 20. gxf3) 19... Neg4 ({And not} 19... Nxe4 20. Nxe4 Bxe4 21. Bf4 $17) 20. Bxg4 Nxg4 21. Qf4 Qxf4 22. Bxf4 e5 23. h3 Bc5 {White did not feel at home in the position after the opening.   Weighted Error Value: White=0.43/Black=0.15 (very precise)} 0-1

[Event "Romanian Team Rapid Open 2022"]
[Site "Sebes"]
[Date "2022.12.03"]
[Round "1.26"]
[White "Cosma, Ioan"]
[Black "Simina, Alexandru-Ioan"]
[Result "1-0"]
[WhiteElo "2368"]
[BlackElo "1244"]
[Annotator "TA"]
[PlyCount "69"]
[EventDate "2022.12.03"]
[EventType "rapid"]
[EventCountry "ROU"]
[SourceTitle "playchess.com"]
[Source "ChessBase"]
[SourceQuality "1"]

{[%evp 18,68,39,22,59,58,81,84,96,93,193,188,189,212,176,173,434,397,377,333,322,316,971,949,1458,1458,1439,1445,1413,1407,1438,1385,1694,1639,29957,29952,10616,11397,29994,29979,29995,29992,29990,29991,29994,29991,29994,29995,29997,29995,29998,29999,29999]} 1. d4 d5 2. c4 c6 3. cxd5 cxd5 4. Nc3 Nf6 5. Bf4 a6 6. Nf3 Nc6 7. Rc1 e6 8. e3 Bd6 9. Bg3 O-O 10. Bd3 h6 {D13: Slav Defence: Exchange variation without ...Bf5.} 11. Ne5 {[#]} Nb4 $146 ({Predecessor:} 11... Bb8 12. f4 Nd7 13. Qh5 Ndxe5 14. fxe5 f5 15. exf6 Bxg3+ 16. hxg3 Qxf6 17. Rf1 Qg5 18. Qxg5 Rxf1+ 19. Bxf1 hxg5 {1-0 (41) Andreikin,D (2728)-Yanchenko,R (2467) Chess.com INT 2021}) 12. Bb1 {White is more active.} Bxe5 {White is better.} 13. dxe5 Ne8 (13... Ne4 $16 {keeps fighting.}) 14. O-O f5 {[#]} 15. exf6 $1 Nxf6 16. Na4 {[%cal Bc3a4,Ba4b6,Bb6c8,Bc8d6][%mdl 32]} Ne4 $2 (16... a5 17. a3 Nc6) 17. Bxe4 dxe4 18. Qxd8 Rxd8 19. Nb6 Rb8 (19... Bd7 20. Nxa8 Rxa8) 20. Bxb8 $18 Nxa2 21. Rxc8 Rxc8 22. Nxc8 Nb4 23. Nd6 b5 24. Nxe4 Nd3 25. b3 {[#] Black must now prevent Bd6.} a5 26. Rd1 Nb4 27. Rd7 {Intending Be5 and mate.} Kh7 28. h4 {White mates.} Kg6 29. g4 h5 30. f3 a4 31. bxa4 bxa4 32. Be5 Kh7 33. gxh5 Kh8 34. Bxg7+ Kg8 35. Nf6# {White took control after the opening.   Weighted Error Value: White=0.13 (very precise) /Black=1.60} 1-0

[Event "Romanian Team Rapid Open 2022"]
[Site "Sebes"]
[Date "2022.12.03"]
[Round "1.28"]
[White "Bulau, Andrei-Cristian"]
[Black "Macarie, Maia-Elisabeta"]
[Result "1-0"]
[WhiteElo "2154"]
[BlackElo "1100"]
[Annotator "TA"]
[PlyCount "91"]
[EventDate "2022.12.03"]
[EventType "rapid"]
[EventCountry "ROU"]
[SourceTitle "playchess.com"]
[Source "ChessBase"]
[SourceQuality "1"]

{[%evp 9,90,27,29,25,20,10,14,0,33,45,140,148,154,143,150,121,147,125,205,141,142,112,108,122,124,124,113,55,151,151,133,78,79,73,61,68,128,130,123,122,124,133,132,132,168,102,187,181,171,114,206,206,206,206,206,200,193,193,206,187,282,296,334,330,379,349,362,358,537,534,586,672,730,733,1008,1022,29984,29985,29987,29988,29997,29998,29999]} 1. d4 Nf6 2. c4 e6 3. Nc3 Bb4 4. e3 {[%cal Be2e3,Be3e4,Be4e5][%mdl 32]} c6 5. Bd3 d5 6. Nge2 {E40: Nimzo-Indian: Rubinstein (4 e3): Unusual Black 4th moves.} Nbd7 7. O-O O-O 8. e4 {The position is equal.} Bxc3 (8... dxc4 {looks sharper.} 9. Bxc4 e5 10. a3 Bxc3 11. Nxc3 exd4 12. Qxd4 Nb6) 9. Nxc3 {[#]} Qb6 $146 (9... dxc4 $14 10. Bxc4 b5) ({Predecessor:} 9... dxc4 10. Bxc4 e5 11. d5 Nb6 12. Bb3 cxd5 13. exd5 Bf5 14. Bg5 h6 15. Bh4 a6 16. Qf3 {1-0 (54) Serban,C (1866)-Constandache,V (1588) Baile Felix 2017}) 10. e5 $16 Ne8 11. b3 ({Don't play} 11. Qh5 g6 12. Qh4 dxc4 $16) 11... g6 12. Bc2 Ng7 13. Bg5 c5 (13... f6 $16) 14. Na4 ({Don't take} 14. cxd5 $6 cxd4 15. Na4 Qb5 $16) 14... Qc6 15. Be7 {Inhibits b6.} Re8 16. Bxc5 Nxc5 17. Nxc5 b6 18. Nd3 {White is more active.} (18. cxd5 $16 exd5 19. Nd3) 18... Bb7 {[#]} (18... dxc4 $14 19. Nb4 Qc7) 19. c5 $1 Nf5 20. Nb4 (20. Qg4 $142) 20... Qb5 21. Bxf5 exf5 22. c6 ({Much worse is} 22. Nd3 Ba6 $11) 22... Bc8 ({Black should try} 22... Bxc6 $14 23. Qd2 Bb7) 23. a3 $36 {[%mdl 2048] White is really pushing.} a5 24. Qd3 Qxd3 25. Nxd3 Ba6 26. Rfd1 Rac8 {[%cal Oa6d3] [#]} 27. Rac1 (27. Nf4 $1 $18 {[%cal Rf4d5]}) 27... Rc7 (27... g5 $16) 28. Nf4 $18 Rd8 29. h4 (29. Re1 $18) 29... Bc8 {Inhibits e6.} (29... a4 $16) 30. Rc3 Be6 31. Rdc1 Rdc8 32. Kf1 h6 33. Ke2 Kg7 34. Kd2 g5 (34... Kf8 $142 35. Nd3 Ke7) 35. Nh5+ Kg6 36. Nf6 f4 37. h5+ Kg7 38. Nd7 b5 (38... Re8 {keeps fighting.} 39. Nf6 Rh8) 39. Rc5 a4 40. b4 Rd8 41. Nb6 Bf5 42. Rxd5 Be4 43. Rxd8 {White mates.} Bxg2 44. Nd5 Bf3 45. Nf6 {[%csl Gf6][%cal Rd8g8]} Rxc6 46. Rg8# {Weighted Error Value: White=0.12 (very precise) /Black=0.45} 1-0

[Event "Romanian Team Rapid Open 2022"]
[Site "Sebes"]
[Date "2022.12.03"]
[Round "1.29"]
[White "Patrascu, Catalin-Lucian"]
[Black "Stanca, Adrian"]
[Result "1-0"]
[WhiteElo "2279"]
[BlackElo "2182"]
[Annotator "TA"]
[PlyCount "45"]
[EventDate "2022.12.03"]
[EventType "rapid"]
[EventCountry "ROU"]
[SourceTitle "playchess.com"]
[Source "ChessBase"]
[SourceQuality "1"]

{[%evp 9,45,41,45,39,45,18,35,14,18,11,29,28,62,48,62,41,89,79,95,96,96,96,91,97,116,119,198,199,239,237,275,275,505,485,444,434,1326,1319]} 1. e4 g6 2. d4 Bg7 3. Nf3 d6 4. Bc4 e6 5. Qe2 h6 6. c3 {B06: Modern Defence.} Ne7 7. Bb3 {[#]} Nd7 $146 ({Predecessor:} 7... b6 8. Bf4 Nd7 9. Nbd2 Bb7 10. h4 Nf6 11. O-O-O Qd7 12. e5 Nfd5 13. Bh2 h5 {1-0 (41) Bortnyk,O (2604)-Di Nicolantonio,L (2399) Chess.com INT 2022}) 8. Nbd2 {[%cal Bb1d2,Bd2f1,Bf1g3][%mdl 32] White is slightly better.} b6 9. Nf1 Bb7 10. Ng3 a6 11. O-O O-O 12. h4 {[%cal Bh2h4,Bh4h5][%mdl 32]} d5 {[#]} (12... c5 $14) 13. e5 $1 $16 Nf5 14. Nxf5 exf5 15. Bc2 {[%cal Oh4h5] White is more active.} Re8 {Inhibits h5.} 16. h5 Nf8 17. Be3 a5 (17... Bc8 $16 {keeps fighting.}) 18. Qd2 $18 Kh7 19. g3 Bc8 20. Kg2 Bd7 $2 (20... g5 21. g4 Kg8) 21. hxg6+ {White is clearly winning.} fxg6 22. Bxh6 ({Less strong is} 22. Rh1 h5 23. Bg5 Qc8 $18) 22... f4 {[#]} (22... Bxh6 $2 23. Rh1 Kg8 24. Qxh6) (22... Re7 $142 23. Bg5 Kg8 24. Bxe7 Qxe7) 23. Rh1 $1 {Weighted Error Value: White=0.04 (flawless) /Black=0.40} 1-0

[Event "Romanian Team Rapid Open 2022"]
[Site "Sebes"]
[Date "2022.12.03"]
[Round "1.30"]
[White "Coicev, Matei-Andrei"]
[Black "Creanga, Robert-Ionut"]
[Result "1/2-1/2"]
[WhiteElo "2009"]
[BlackElo "2190"]
[Annotator "TA"]
[PlyCount "54"]
[EventDate "2022.12.03"]
[EventType "rapid"]
[EventCountry "ROU"]
[SourceTitle "playchess.com"]
[Source "ChessBase"]
[SourceQuality "1"]

{[%evp 9,54,-26,-4,-8,0,-34,-20,-22,-21,-20,-19,-11,0,0,26,16,25,18,20,28,22,16,17,18,25,0,0,15,34,23,31,0,0,0,18,0,0,0,14,0,15,0,20,0,16,0,134]} 1. e4 c6 2. Ne2 d5 3. e5 Bf5 {[%cal Bc8f5,Bf5g6,Bg6h7][%mdl 32]} 4. Ng3 Bg6 5. h4 h6 6. h5 {B10: Caro-Kann: 2 d3 and 2 c4.} Bh7 7. e6 Qd6 {has lost popularity (7...fxe6).} 8. exf7+ Kxf7 9. d4 e5 {Prevents f4.} 10. Bd3 e4 11. Be2 {[#]} Qc7 $146 ({Predecessor:} 11... Nf6 12. c4 dxc4 13. Bxc4+ Nd5 14. O-O Nd7 15. f3 e3 16. Ne4 Qe7 17. Nbc3 N7b6 {1-0 (29) Gappel,H-Herbst,R freechess.de 2019}) 12. O-O Bd6 13. c4 {aiming for cxd5.} Nd7 14. cxd5 cxd5 15. Nc3 {[%cal Bb1c3,Bc3a4,Ba4b6][%mdl 32]} (15. Bg4 {feels hotter.} Ndf6 16. Bh3 a6 17. Nc3) 15... Ne7 16. Qb3 Nf6 17. Be3 (17. Nb5 $5 {[%cal Rb5c7]} Qc6 18. Nxd6+ Qxd6 19. Bd2 $11 (19. Qxb7 Rhb8 $14)) 17... a6 18. Rac1 {[%cal Oc3d5] [#] Threatens to win with Nxd5!} Qd7 19. Na4 Rad8 20. Bd2 Nc6 {The position is equal.} 21. Be3 Rhf8 22. Nb6 {[%csl LRd5,LRd7]} Qe6 23. Na4 ({Wrong is} 23. Nxd5 $2 Nxd5 24. Qxb7+ Nce7 $19) 23... Qd7 24. Nb6 Qe6 25. Na4 ({Avoid the trap} 25. Nxd5 $2 Nxd5 26. Qxb7+ Nce7 $19) 25... Qd7 26. Nb6 Qe6 27. Na4 ({Don't blunder} 27. Nxd5 $2 Nxd5 28. Qxb7+ Nce7 $19) (27. Nc4 $5) 27... Nb8 {Weighted Error Value: White=0.09 (flawless) /Black=0.07 (flawless)} (27... Qe7 $11 {keeps the balance.}) 1/2-1/2